000 00594nam a22001937a 4500
003 OSt
005 20260310034319.0
008 260310b |||||||| |||| 00| 0 eng d
020 _a0-13-830514-5.
040 _aDWCL Main lib
_cOC
082 _aCirc. 302 F312 1995
100 _aFeldman, Robert S.
245 _aSocial psychology
_cRobert S. Feldman
260 _aNew Jersey :
_bPrentice Hall, Inc.,
_cc1995.
300 _axxvi, 578 p. :
_bcol. ill. ;
_c28 cm.
504 _aIncludes bibliographical references and index.
650 _aSocial psychology.
942 _2ddc
_cBK-CIRC
_kCirc.
_n0
999 _c8849
_d8849